Detalles MARC
| 000 -LEADER |
| fixed length control field |
01998 am a2200397 a 4500 |
| 005 - FECHA ULTIMA MODIFICACION |
| control field |
20120418093746.0 |
| 008 - CAMPO DE CONTROL (LIBRO) |
| fixed length control field |
100511s2001||||ag a f |||| 00| 0 spa d |
| 020 ## - INTERNATIONAL STANDARD BOOK NUMBER |
| ISBN |
9500607883 |
| 041 ## - CODIGO DE IDIOMA |
| Código de idioma del texto/pista de sonido o título separado |
spa |
| 092 ## - SIGNATURA TOPOGRAFICA DEWEY LOCAL |
| número de clasificación |
616.5 |
| libristica |
27 |
| sección |
FIT |
| 245 ## - TITULO PROPIAMENTE DICHO |
| Título |
Fitzpatrick. Dermatología en Medicina General T.1. |
| Mención de responsabilidad y remanente de la transcripción de la portada |
Irwin M. Freedberg. |
| 250 ## - MENCION DE EDICION |
| Mención de edición |
5a ed. |
| Mención de responsabilidad relacionada con la ed. |
Traducción Jorge Frydman ; Carolina M. Gallardo Miraval ; Diana S. Klajn : Karen Mikkelsen ; Marisa B. Maiocchi ; Marta de Luján Papponetti ; Ubaldo Patrone ; María Laura Ramorino ; Silvia N. Rondinone ; Damián Vázquez ; Angela Mayte Zuluaga |
| 260 ## - PIE DE IMPRENTA |
| Lugar de publicación, distribución, etc |
Buenos Aires : |
| Nombre de la editorial, distribuidor, etc |
Editorial Médica Panamericana, |
| Fecha de publicación |
2001. |
| 300 ## - DESCRIPCION FISICA |
| Extension |
1-970 p. |
| Otros detalles físicos |
il. |
| 590 ## - NOTAS LOCALES (RLIN) |
| Nota local |
Donación Dr. Mancuso 2007 |
| 653 ## - TÉRMINO INDIZADO - PALABRAS CLAVES |
| Palabra clave |
Correlaciones clinicopatológicas de las lesiones cutáneas: enfoque diagnóstico |
| 653 ## - TÉRMINO INDIZADO - PALABRAS CLAVES |
| Palabra clave |
Estructura y desarrollo de la piel |
| 653 ## - TÉRMINO INDIZADO - PALABRAS CLAVES |
| Palabra clave |
Biología y funciones de la epidermis y de los anexos cutáneos |
| 653 ## - TÉRMINO INDIZADO - PALABRAS CLAVES |
| Palabra clave |
Biología de la matriz extracelular, los vasos sanguíneos y los nervios |
| 653 ## - TÉRMINO INDIZADO - PALABRAS CLAVES |
| Palabra clave |
Biología celular y molecular de la inflamación, la reparación y la carcinogénesis |
| 653 ## - TÉRMINO INDIZADO - PALABRAS CLAVES |
| Palabra clave |
Manifestaciones no cutáneas de las enfermedades de la piel |
| 653 ## - TÉRMINO INDIZADO - PALABRAS CLAVES |
| Palabra clave |
Epidermis: trastornos inflamatorios persistentes, cinética y diferenciación celulares |
| 653 ## - TÉRMINO INDIZADO - PALABRAS CLAVES |
| Palabra clave |
Epidermis: enfermedades de la cohesión epidérmica. Enfermedades vesiculosas y ampollares |
| 653 ## - TÉRMINO INDIZADO - PALABRAS CLAVES |
| Palabra clave |
Trastornos de los anexos epidérmicos y enfermedades relacionadas |
| 653 ## - TÉRMINO INDIZADO - PALABRAS CLAVES |
| Palabra clave |
Tumores de la epidermis y sus anexos |
| 700 1# - ENTRADAS SECUNDARIAS - NOMBRE PERSONAL |
| Nombre personal |
Freedberg, Irwin M. |
| 9 (RLIN) |
190 |
| 700 1# - ENTRADAS SECUNDARIAS - NOMBRE PERSONAL |
| Nombre personal |
Wolff, Klaus. |
| 9 (RLIN) |
191 |
| 700 1# - ENTRADAS SECUNDARIAS - NOMBRE PERSONAL |
| Nombre personal |
Austen, K. Frank. |
| 9 (RLIN) |
192 |
| 700 1# - ENTRADAS SECUNDARIAS - NOMBRE PERSONAL |
| Nombre personal |
Goldsmith, Lowell A. |
| 9 (RLIN) |
193 |
| 700 1# - ENTRADAS SECUNDARIAS - NOMBRE PERSONAL |
| Nombre personal |
Katz, Stephen I. |
| 9 (RLIN) |
194 |
| 700 1# - ENTRADAS SECUNDARIAS - NOMBRE PERSONAL |
| Nombre personal |
Fitzpatrick, Thomas B. |
| 9 (RLIN) |
195 |
| 700 1# - ENTRADAS SECUNDARIAS - NOMBRE PERSONAL |
| Nombre personal |
Eisen, Arthur Z. |
| 9 (RLIN) |
196 |
| 930 ## - NUMERO DE INVENTARIO |
| Número de inventario |
1793 |
| 942 ## - ADDED ENTRY ELEMENTS (KOHA) |
| Source of classification or shelving scheme |
Dewey Decimal Classification |
| Item type |
Libros |